000 00603nam a2200193Ia 4500
003 GCL
008 140319s9999 xx 000 0 ara d
040 _aGCL /
_cGCL
082 0 4 _a811.008
_bا م
100 1 _aاحمد عبيد
245 1 0 _aمشاهير شعراء العصر فى الاقطار العربية الثلاثة: مصر وسورية والعراق /
_cاحمد عبيد
260 _a[S.N] :
_bدار صادر ،
_c1994
300 _a346 ص
490 _a
650 0 4 _aمصر
650 0 4 _aالشعراء العرب
650 0 4 _aالتراجم الذاتية
942 _2ddc
_cBK
999 _c31321
_d31321